| Tag |
First Indicator |
Second Indicator |
Subfields |
| LEADER |
00000cam a2200000La 4500 |
| 001 |
in00001577708 |
| 005 |
20220103183048.0 |
| 006 |
m u |
| 007 |
cr cn- |
| 008 |
001008s1998 caua sb 001 0 eng d |
| 010 |
|
|
|z 95043582
|
| 020 |
|
|
|a 0585138850 (electronic bk.)
|
| 020 |
|
|
|z 0737300094
|
| 035 |
|
|
|a (OCoLC)ocm43803116
|
| 040 |
|
|
|a N$T
|c N$T
|d OCL
|d UtOrBLW
|
| 049 |
|
|
|a IKMN
|
| 100 |
1 |
|
|a Barillo, Madeline.
|0 http://id.loc.gov/authorities/names/n95098821
|
| 245 |
1 |
4 |
|a The wedding sourcebook /
|c by Madeline Barillo.
|
| 246 |
3 |
|
|a Wedding source book
|
| 250 |
|
|
|a 2nd ed.
|
| 264 |
|
1 |
|a Los Angeles :
|b Lowell House,
|c [1998]
|
| 264 |
|
4 |
|c ©1998
|
| 300 |
|
|
|a xi, 340 pages :
|b illustrations ;
|c 25 cm.
|
| 336 |
|
|
|a text
|b txt
|2 rdacontent
|
| 337 |
|
|
|a computer
|b c
|2 rdamedia
|
| 338 |
|
|
|a online resource
|b cr
|2 rdacarrier
|
| 504 |
|
|
|a Includes bibliographical references (pages [309]-327) and index.
|
| 533 |
|
|
|a Electronic reproduction.
|b Boulder, Colo. :
|c NetLibrary,
|d 2000.
|n Available via the World Wide Web.
|n Available in multiple electronic file formats.
|n Access may be limited to NetLibrary affiliated libraries.
|
| 500 |
|
|
|a Electronic resource.
|
| 650 |
|
0 |
|a Weddings
|x Planning.
|0 http://id.loc.gov/authorities/subjects/sh2008113439
|
| 650 |
|
0 |
|a Wedding etiquette.
|0 http://id.loc.gov/authorities/subjects/sh85145898
|
| 655 |
|
7 |
|a Electronic books.
|2 local
|
| 710 |
2 |
|
|a NetLibrary, Inc.
|0 http://id.loc.gov/authorities/names/no99080690
|
| 776 |
1 |
|
|c Original
|w (DLC) 95043582
|w (OCoLC)40470480
|
| 856 |
4 |
1 |
|u https://proxy.library.tamu.edu/login?url=http://www.netlibrary.com/urlapi.asp?action=summary&v=1&bookid=13243
|z Connect to the full text of this electronic book
|t 0
|
| 994 |
|
|
|a 92
|b IKM
|
| 999 |
|
|
|a MARS
|
| 999 |
f |
f |
|s 90466d7e-b548-3b6f-ae84-4bd9c56a099f
|i 1249ae1c-1cbc-3f6b-9b45-cbeb322db0d6
|t 0
|
| 952 |
f |
f |
|a Texas A&M University
|b College Station
|c Electronic Resources
|d Available Online
|t 0
|e HQ748 .B37 1998eb
|h Library of Congress classification
|
| 998 |
f |
f |
|a HQ748 .B37 1998eb
|t 0
|l Available Online
|